00227nam a2200085 a 4500008004100000050001500041100001600056245006000072350000900132120416s9999 xx |||||||||||||| || u aTS 167 Cos aJelen, F. C10aCost and optimization engineeringcedited by F.C. Jelen a0.00